banner koha

Morphometry of chincuya seeds (Annona purpurea Moc. & Sessé ex Dunal) and embryonic growth under dry warm storage (Registro n. 330931)

MARC details
000 -LÍDER
fixed length control field 03966nab a2200337 i 4500
003 - CÓDIGO MARC DA AGÊNCIA CATALOGADORA
Campo de controle BR-BrBNA
005 - DATA E HORA DA ÚLTIMA ATUALIZAÇÃO
Campo de controle 20250409122120.0
008 - CAMPO DE TAMANHO FIXO
fixed length control field 250409b2023 bl.ar|pooa||| 00| 0 eng |
040 ## - FONTE DA CATALOGAÇÃO
Agência catalogadora BR-BrBNA
Idioma da catalogação eng
072 ## - CATEGORIA AGRIS
Código AGRIS F03
072 ## - CATEGORIA AGRIS
Código AGRIS J11
100 ## - ENTRADA PRINCIPAL - NOME PESSOAL
Nome pessoal Vidal-Lezama, Eloisa
100 ## - ENTRADA PRINCIPAL - NOME PESSOAL
Nome pessoal Villegas-Monter, Ángel
100 ## - ENTRADA PRINCIPAL - NOME PESSOAL
Nome pessoal Vaquera-Huerta, Humberto
100 ## - ENTRADA PRINCIPAL - NOME PESSOAL
Nome pessoal Robledo-Paz, Alejandrina
100 ## - ENTRADA PRINCIPAL - NOME PESSOAL
Nome pessoal Martinez-Palacios, Alejandro
100 ## - ENTRADA PRINCIPAL - NOME PESSOAL
Nome pessoal Ferreira, Gisela
245 ## - TÍTULO PRINCIPAL
Título principal Morphometry of chincuya seeds (Annona purpurea Moc. & Sessé ex Dunal) and embryonic growth under dry warm storage
500 ## - NOTA GERAL
Nota geral Publicação online; 31 ref.; 4 tables; Summaries (En, Pt)
942 ## - ADDED ENTRY ELEMENTS (KOHA)
Koha item type Analítica
520 ## - NOTA DE RESUMO
Nota de conteúdo <br/><br/><br/>Abstract - In Mexico, Annona purpurea Moc. & Sessé ex Dunal, chincuya is found in mountains and family gardens. It is used as food (fruits), traditional medicine (leaves, stems, roots, seeds, bark), wood in construction, papermaking, carpentry, rope making, and as fuel. There is not enough information on the seed, nor on germination management, which is scarce, prolonged and erratic. Considering that the morphophysiological dormancy is the probable cause, it was necessary, within a broader project, to start with the characterization of the seed and determine the effect of dry warm storage (DWS) on it. The perimeter and length of the embryos increased due to the increase in length of the cotyledons and the hypocotil root axis, while the middle hypocotyl area decreased, forming an acinturated embryo. These data indicate that the embryos of chincuya are underdeveloped since they grew and modified their shape, due to the effect of DWS, until the 6th month. This development of the embryo within the seed during dry warm storage confirms the presence of morphological dormancy. This is the first report of embryo growth and characterization of chincuya seeds.<br/><br/><br/>Keywords - morphological dormancy, underdeveloped embryos, post-maturation.
520 ## - NOTA DE RESUMO
Nota de conteúdo <br/><br/><br/>Resumo - No México, Annona purpurea Moc. & Sessé ex Dunal, a chincuya é encontrada em montanhas e em pomares domésticos. É utilizada como alimento (frutas), na medicina tradicional (folhas, caules, raízes, sementes, casca), como madeira na construção, na fabricação de papel e de cordas, carpintaria e como combustível. Não há informações suficientes sobre a semente, nem sobre o manejo da germinação, que é reduzida, prolongada e errática. Considerando que a dormência morfo-fisiológica seja a provável causa da dormência, considerou-se necessário, dentro de um projeto mais amplo, começar pela caracterização das sementes e pela determinação do efeito do armazenamento a seco e a quente sobre elas. O perímetro e o comprimento dos embriões aumentaram durante o armazenamento devido ao aumento do comprimento dos cotilédones e do eixo do hipocótilo radicular, enquanto a área do hipocótilo médio diminuiu, formando um embrião em forma de ‘cintura’. Esses dados indicam que os embriões de chincuya são subdesenvolvidos, uma vez que crescem e mudam de forma durante os armazenamentos seco e quente, até ao sexto mês. Este desenvolvimento do embrião dentro da semente, durante o armazenamento, confirma a presença de dormência morfológica. Este é o primeiro relato de crescimento embrionário e da caracterização de sementes de chincuya em armazenamento.<br/><br/><br/>Termos de indexação - latência morfológica, embriões subdesenvolvidos, pós-maturação.
650 ## - ASSUNTO - THESAGRO
Cabeçalho tópico ou nome geográfico ANNONACEAE
650 ## - ASSUNTO - THESAGRO
Cabeçalho tópico ou nome geográfico SEMENTE
650 ## - ASSUNTO - THESAGRO
Cabeçalho tópico ou nome geográfico GERMINAÇÃO
650 ## - ASSUNTO - THESAGRO
Cabeçalho tópico ou nome geográfico MORFOLOGIA VEGETAL
650 ## - ASSUNTO - THESAGRO
Cabeçalho tópico ou nome geográfico ARMAZENAMENTO
773 0# - ENTRADA ANALÍTICA
Host Biblionumber 805
Registro do item 349549
Imprenta Jaboticabal-SP Sociedade Brasileira de Fruticultura 1978
Outro identificador 2025-2069
Título Revista Brasileira de Fruticultura (Brazil)
ISSN 0100-2945
Colação v. 23 p. 1-10; (2023)
Número de controle de registro BR2025000597
856 ## - ACESSO E ENDEREÇO ELETRÔNICO
Identificador uniforme de recurso - URI https://www.scielo.br/j/rbf/a/9F75mhncVtJVrGLXGwNxcFy/?format=pdf&lang=en

Nenhum exemplar disponível.

BINAGRI

Telefone: (61)3218-2567/2388/3357/2097 - binagri@agro.gov.br

Ministério da Agricultura e Pecuária , Esplanada dos Ministérios, Bloco D, Anexo B, Brasília/DF, CEP: 70.043-900